LEADER 01110nam a2200229 i 4500 001 000000191375 003 CaOOAMICUS 005 20110914000000.0 008 110914s1979 it u000 u ita u 013 $a169909 040 $aSeMil$bita 245 10$aPuebla :$bil messaggio della speranza : testo integrale del documento finale della terza conferenza generale dell'episcopato latinoamericano. 260 $aRoma :$bLogos,$c1979. 300 $a324 p. ;$c21 cm. 490 0 $aBiblioteca universale cristiana ;$v26 650 4$aPuebla - Conferenza Generale Episcopato Latinoamericano <3.>.$0(OLS)http://semarc/subject/12338 830 0$aBUC : Biblioteca universale cristiana ;$v26.$0(OLS)http://semarc/title/35880 850 $aSeMil 852 $aSeMil$W1$xVenegono$y1$m3A I 54$j141989$B141989$CSeMilBibl$Z2$F168122 $81 961 $aRecupero: Altro 996 $6245$aPuebla :$bil messaggio della speranza : testo integrale del documento finale della terza conferenza generale dell'episcopato latinoamericano$9(OLS)http://semarc/title/275742 996 $6260$aRoma :$bLogos$9(OLS)http://semarc/publisher/31609 LEADER 00905nam a2200205 i 4500 001 000000091718 003 CaOOAMICUS 005 20151223000000.0 008 151223s1896 xx u000 u fre u 013 $a63960 040 $aSeMil$bita 100 1 $aKerval, Léon : de.$0(OLS)http://semarc/name/40939 245 10$aSainte Rose de Viterbe :$bsa vie et son temps /$cpar L. de Kerval. 260 $aVanves près Paris :$bImp. Franciscaine missionnaire,$cimprim. 1896. 300 $a298 p., [8] c. di tav. :$bill. ;$c19 cm. 600 04$aRosa : da Viterbo .$0(OLS)http://semarc/subject/16696 850 $aSeMil 852 $aSeMil$W1$xVenegono$y1$m3H III 95 FA$j54667$B54667$CSeMilBibl$Z2$F59319 $8I 996 $6245$aSainte Rose de Viterbe :$bsa vie et son temps$9(OLS)http://semarc/title/137871 996 $6260$aVanves près Paris :$bImp. Franciscaine missionnaire$9(OLS)http://semarc/publisher/43877